| 000 | 00801nam a2200265Ia 4500 | ||
|---|---|---|---|
| 001 | 39741 | ||
| 005 | 20240114002105.0 | ||
| 007 | ta | ||
| 008 | 070907s2003 a g b000 u asm u | ||
| 040 | _aCotton College Assam | ||
| 041 | _aasm | ||
| 082 |
_a491.413 _bB 288 H |
||
| 100 | _aBaruah, Hem Chandra. | ||
| 245 | 0 |
_aHema kosha or An Etymological Dictionary of the Assamese language / _cHem Chandra Baruah. _hTextual Documents |
|
| 250 | _a11th ed / | ||
| 260 |
_aDelhi : _bAjanta Prakashan , _c2003. |
||
| 300 |
_a972pg : _bill ; _c22cm . |
||
| 500 | _aAvailable only Ref Section | ||
| 653 | _aAssamese Language | ||
| 653 | _aRef Section-etymological dictionary | ||
| 653 | _aRef Section-etymological dictionary | ||
| 942 |
_2ddc _cBK |
||
| 999 |
_c39713 _d39713 |
||